Manual de técnicas gráficas para arquitectos, diseñadores y artistas /

Contiene: 1) Diseño de rotulación; 2) Dibujo y diseño para reprodución; 3) Procesos básicos de impresión; 4) Técnicas de maquetismo.

Guardado en:
Detalles Bibliográficos
Autor principal: Porter, Tom (autor)
Otros autores: Goodman, Sue (autor) (autor)
Formato: Libro
Idioma:Español
Publicado: Barcelona, España : Gustavo Gili, 1985, c1985
Edición:2a edición
Temas:
Etiquetas: Agrega una etiqueta
Sin etiquetas, Sé el primero en etiquetar este registro!

MARC

LEADER 00000nam^a2200000^a^4500
001 000274687
005 20250521000000.0
009 20260310111209.015
020 |a 84-252-1192-1 
037 |a Acervo ITESO - Biblioteca 
041 |a ESP 
082 |a 720. 28  |b POR V. 3 
100 |a Porter, Tom  |e (autor) 
245 1 0 |a Manual de técnicas gráficas para arquitectos, diseñadores y artistas /  |c T. Porter, S. Goodman ; tr. por Santiago Castán. 
250 |a 2a edición 
264 4 |a Barcelona, España :  |b Gustavo Gili,  |c 1985, c1985 
300 |a 128 p. 
336 |a texto  |b txt  |2 rdacontenido 
337 |a sin mediación  |b n  |2 rdamedio 
338 |a volumen  |b nc  |2 rdasoporte 
500 |a Traducción de: Manual of Graphic Techniques for Architects, Graphic Designers and Artists 
520 |a Contiene: 1) Diseño de rotulación; 2) Dibujo y diseño para reprodución; 3) Procesos básicos de impresión; 4) Técnicas de maquetismo. 
649 |a XX 
650 |a Maquetas 
650 |a Tipografía 
650 |a Fotografía 
650 |a Impresión -  |x Técnica -  |x Tema Principal 
650 |a Diseño Gráfico -  |x Técnica -  |x Tema Principal 
650 |a Comunicación Visual 
700 |a Goodman, Sue  |e (autor) 
910 |a Fondo General 
920 |a Impresos - Libros 
930 |a Reserva Especial 
905 |a 103 
901 |a 0389750200  |b IT1  |c REE  |u 20250521 
902 |a https://opac.biblio.iteso.mx/vufind/Record/000274687